| 000 | 00506nam a22001577a 4500 | ||
|---|---|---|---|
| 999 |
_c9419 _d9419 |
||
| 008 | 210410b ||||| |||| 00| 0 eng d | ||
| 040 | _aBMS College of Architecture | ||
| 100 | _aPatil, B Shivasharanappa | ||
| 245 | _aIntegrated developments of Tanks/ Lakes | ||
| 300 | _a236p. | ||
| 500 | _a1BM05AHD08 | ||
| 502 |
_8M.Arch (Habitat Design) _NBMS College of Architecture, Visvesvaraya Technological University _aDissertation _d2007 |
||
| 650 | _aNA | ||
| 700 |
_aSatish S Rao _eGuide |
||
| 942 |
_2ddc _cPGTHE |
||